000 00372 a2200121 4500
000 nam a22 7a 4500
005 20260312095724.0
020 _a9781527573024
100 _aIvan D’Souza
_91131725
245 _aA Hermeneutical Investigation of Super-Primary Meaning in the Dvaita Vedānta of Madhva
260 _bCambridge Scholars Publishing
_c2021
942 _cTEXL
999 _c1715159
_d1715159